=LDR 00000nam 2200000 4500 =001 INLIS000000000050544 =005 20200310093027 =035 ##$$a 0010-0517000197 =007 ta =008 200310################g##########0#ind## =020 ##$$a 978-9791286-11-4 =082 ##$$a 297.2 =084 ##$$a 297.2 LAT p =100 #$$a Lathif, Abdul aziz bin muhammad bin ali al-abdul =245 1#$$a Pembatal keislaman : $b Keyakinan, ucapan dan perbuatan /$c Abdul aziz bin muhammad bin ali al-abdul lathif; Penerjemah, Izzudin karimi =250 ##$$a Cet. 7 =260 ##$$a Jakarta :$b Darul Haq,$c 2016 =300 ##$$a Xiv, 790 hlm. ; $c 16 x 24, 5 cm =650 #4$$a Aqidah =500 ##$$a Judul asli : Nawaqidh al-iman al-qauliyyah wa al - amaliyyah =990 ##$$a 31701491 =990 ##$$a 31701490 =990 ##$$a 31701492